000 01305nam a2200289 i 4500
001 bg
100 1 _aGórzyński, Michał
_d(1973- ).
245 1 0 _aKonkurencyjność technologiczna małych i średnich przedsiębiorstw z trzech działów przemysłu przetwórczego :
_bmocne i słabe strony w kontekście wejścia Polski do Unii Europejskiej /
_c[Michał Górzyński, Richard Woodward].
260 _aWarszawa :
_bUrząd Komitetu Integracji Europejskiej,
_c2003.
300 _a36 s. :
_bwykr. ;
_c26 cm.
610 2 9 _aUnia Europejska
_xa Polska
_xprzemysł
650 9 _aInnowacje
_xstosowanie
_xprzemysł
_zPolska
_yod 1989 r.
650 9 _aMeble
_xprzemysł
_xkonkurencyjność
_zPolska
_yod 1989 r.
650 9 _aMedycyna
_xurządzenia
_xprzemysł
_xkonkurencyjność
_zPolska
_yod 1989 r.
650 9 _aPrzedsiębiorstwa małe i średnie
_xkonkurencyjność
_zPolska
_yod 1989 r.
650 9 _aTworzywa sztuczne
_xprzemysł
_xkonkurencyjność
_zPolska
_yod 1989 r.
651 9 _aPolska
_xa Unia Europejska
_xprzemysł
700 1 _aWoodward, Richard
_d(1967- ).
020 _a8389218666
040 _cBPK
041 0 _apol
044 _aPOL
080 _a658.114::684:658.114::678:615.4].001.76(438:4-67)"1989/..."
920 _a83-89218-66-6
942 _cKS
008 100823s2003 pl a |000 0 pol
999 _c51073
_d51073
856 _uhttp://koha.tu.koszalin.pl/cgi-bin/koha/opac-detail.pl?biblionumber=51073
_yKatalog online BPK